| 000 | 00366nam a2200157Ia 4500 | ||
|---|---|---|---|
| 100 | _aKasera/Sumit/ Narang/N | ||
| 650 | _aNetworks | ||
| 942 | _cBK | ||
| 366 | _f25 | ||
| 654 | _acommunication | ||
| 245 | _aCommunication networks:Principles and practice | ||
| 260 |
_bTata Mc Graw hill Ltd. _c2005 |
||
| 082 |
_a4.65 _bKAS |
||
| 300 | _a389 | ||
| 546 | _aENGLISH | ||
| 999 |
_c33923 _d33923 |
||